Geography Quiz

Random Geography or World Quiz
Score 0/52 Timer 10:00
6 Plays Today
% Correct
Nova Scotia
83.4%
Los Angeles
82.8%
Baton Rouge
81.6%
Rio de Janeiro
80.1%
Puerto Rico
76.8%
El Salvador
75.3%
Stuttgart
74%
Copenhagen
71.9%
Niger
70.6%
Montreal
69.3%
Vermont
69.2%
Liberia
69%
Munich
68.9%
Tripoli
68.5%
Pyongyang
68.1%
Veracruz
67.6%
Nizhny Novgorod
67.5%
Tel Aviv
65.2%
Lagos
65.1%
Antigua and Barbuda
64.8%
Bern
64.4%
Iwo Jima
63.1%
Philadelphia
62.8%
Ulaanbaatar
59.8%
Ankara
58.1%
Polynesia
57.3%
% Correct
Basseterre
55.5%
Kuala Lumpur
54.5%
Belgrade
52.3%
Las Vegas
51%
Tashkent
50.2%
Hiroshima
50.1%
Hamburg
49.5%
Dar es Salaam
48.6%
Argentina
47.8%
Sri Lanka
46.3%
Nevada
43.7%
Winnipeg
37.1%
Albania
35.7%
Sofia
35.1%
Australia
31.6%
Honduras
31.5%
Addis Ababa
29.7%
Naples
26.2%
Singapore
21.4%
Cameroon
19.1%
Eritrea
18.1%
Bahrain
16.6%
Cairo
15%
Kuwait
14.7%
Algiers
12.7%
Comoros
11.7%
Remove Ads.
Support Sporcle.
Get the best of Sporcle when you Go Orange. This ad-free experience offers more features, more stats, and more fun while also helping to support Sporcle. Thank you for becoming a member.

You're not logged in!

Compare scores with friends on all Sporcle quizzes.
OR
Log In

Show Comments

Extras

Top Quizzes Today


Score Distribution

Your Account Isn't Verified!

In order to create a playlist on Sporcle, you need to verify the email address you used during registration. Go to your Sporcle Settings to finish the process.

Report this User

Report this user for behavior that violates our Community Guidelines.

Details: